| 000 | 00740nam a2200265Ia 4500 | ||
|---|---|---|---|
| 003 | OSt | ||
| 005 | 20220927110658.0 | ||
| 006 | a|||||r|||| 00| 0 | ||
| 007 | ta | ||
| 008 | 220926b |||||||| |||| 00| 0 eng d | ||
| 024 | _a76008 | ||
| 037 | _cReports | ||
| 040 |
_aRTL _cRTL _beng |
||
| 041 |
_2eng _aeng |
||
| 082 | _a"X724:(Z2), K4;L2" | ||
| 100 |
_aLakhotia Ram Niwas _9379752 |
||
| 245 | 0 | _aPractical problems on income-tax | |
| 250 | _aEd 13th | ||
| 260 |
_aCalcutta _bAsha Publishing India _c1972 |
||
| 300 |
_a592p. Appendix p. 514-92 _ccm. |
||
| 490 | _aAsha Publication Series . 59 | ||
| 650 | _aIncome Tax Law | ||
| 942 |
_h"X724:(Z2), K4;L2" _cCC |
||
| 999 |
_c697618 _d697618 |
||